000 00316nam a2200133Ia 4500
005 20251222143254.0
008 251222s9999||||xx |||||||||||||| ||spa||
020 _a84-8280-725-0
082 _a818.37/S82
100 _aStowe, H. Beecher
245 0 _aLa Cabaña del Tío Tom
264 _bOveja Negra
942 _cLIB
999 _c15075
_d15075